00948nam a2200181 a 4500001001000000003000400010005001700014008004100031040002500072082002700097100005200124245026600176260007300442300002100515650002900536651009400565651010700659000027107OSt20240229073936.0110324t1948 dr 000 0 spa d aDO-SdBNPbspacBNPHU 4a972.93053bT866m, 19471 aTrujillo Molina, Rafael Leónidas,d 1891-196110aMensaje depositado el 27 de febrero de 1948 en el Congreso Nacional por el Presidente de la República Dominicana generalísimo Dr. Rafael Leónidas Trujillo Molina para darle cuenta de su gestión durante el año 1947 /cRafael Leónidas Trujillo Molina. aCiudad Trujillo, República Dominicana :bVirgilio Montalvo,c1948. a132 p. ;c24 cm. 4aDiscursos presidenciales 4aRepública DominicanaxHistoriayEra de Trujillo, 1930-1961vEnsayos, conferencias, etc. 4aRepública DominicanaxPolítica Y GobiernoyEra de Trujillo, 1930-1961xEnsayos, conferencias, etc.